T01 駅名クイズ - 23区外にある東京都の駅 ver. - Statistics

General Stats
  • This quiz has been taken 78 times
  • The average score is 127 of 189
Answer Stats
Number Answer % Correct
JC19 | JN26 立川
100%
JC15 武蔵小金井
98%
JC16 | SK01 | ST01 国分寺
98%
JC18 国立
98%
| JC22 | JH32 八王子
98%
JC24 | KO52 高尾
98%
IN17 | JC11 吉祥寺
97%
JC12 三鷹
97%
KO24 府中
97%
JC13 | SW01 武蔵境
95%
JC17 | JM33 西国分寺
95%
JC23 西八王子
95%
JC62 青梅
93%
JH23 | OH27 町田
93%
JC20 日野
91%
JC21 豊田
91%
| JC55 | SS36 拝島
91%
JC74 奥多摩
91%
JM35 | JN20 府中本町
91%
JC14 東小金井
88%
JC86 武蔵五日市
88%
JN21 | KO25 分倍河原
88%
JM31 新秋津
88%
KO18 調布
88%
KO53 高尾山口
88%
JC54 昭島
83%
JC57 福生
83%
JM34 北府中
83%
KO41 京王多摩センター
83%
JC51 西立川
81%
IN16 井の頭公園
81%
北八王子
79%
KO38 稲城
79%
OT06 小田急多摩センター
79%
JC58 羽村
78%
JH30 八王子みなみ野
78%
KO34 京王八王子
78%
JC61 東青梅
76%
JM32 新小平
76%
OH16 狛江
76%
JC52 東中神
74%
KO29 | TT07 高幡不動
74%
KO46 府中競馬正門前
74%
ST07 | SY01 多摩湖
74%
TT01 多摩センター
74%
JC53 中神
72%
JC69 御嶽
72%
JC83 秋川
72%
JH29 相原
72%
東福生
72%
箱根ケ崎
72%
KO47 | TT05 多摩動物公園
72%
SS17 田無
72%
SS19 小平
72%
SK06 西武園
72%
JN25 西国立
71%
KO23 東府中
71%
OT07 唐木田
71%
SK05 | SS21 東村山
71%
TT12 立川北
71%
TT11 立川南
71%
JH31 片倉
69%
KO33 北野
69%
SI16 秋津
69%
JC60 河辺
67%
JC67 軍畑
67%
SI15 清瀬
67%
SW03 多磨
67%
JN22 西府
66%
KO19 西調布
66%
SI12 保谷
66%
SS33 | TT17 玉川上水
66%
DT25 南町田グランベリーパーク
66%
JN18 稲城長沼
64%
KO17 布田
64%
KO27 聖蹟桜ヶ丘
64%
KO37 京王よみうりランド
64%
IN15 三鷹台
64%
SW06 是政
64%
JC59 小作
62%
JC82 東秋留
62%
JH22 成瀬
62%
KO15 柴崎
62%
KO40 京王永山
62%
OH26 玉川学園前
62%
OT05 小田急永山
62%
TT19 上北台
62%
JC73 白丸
60%
KO22 多磨霊園
60%
OH17 和泉多摩川
60%
SI14 東久留米
60%
SS18 花小金井
60%
JC81 熊川
59%
JC84 武蔵引田
59%
小宮
59%
KO14 つつじヶ丘
59%
KO16 国領
59%
KO20 飛田給
59%
KO35 京王多摩川
59%
JC64 日向和田
57%
JN23 谷保
57%
KO28 百草園
57%
JC56 牛浜
55%
JN19 南多摩
55%
KO13 仙川
55%
OH25 鶴川
55%
SI13 ひばりヶ丘
55%
SS35 西武立川
55%
SW04 白糸台
55%
JC72 鳩ノ巣
53%
JC85 武蔵増戸
53%
KO26 中河原
53%
KO43 南大沢
53%
KO44 多摩境
53%
KO48 京王片倉
53%
KO49 山田
53%
KO50 めじろ台
53%
SK02 恋ヶ窪
53%
JC65 石神前
52%
KO31 平山城址公園
52%
SS16 西武柳沢
52%
TT14 立飛
52%
JC66 二俣尾
50%
JC70 川井
50%
JN24 矢川
50%
SS30 | ST04 萩山
50%
SS32 東大和市
50%
JC68 沢井
48%
KO32 長沼
48%
KO42 京王堀之内
48%
SS20 久米川
48%
SK04 | SS31 小川
48%
JC63 宮ノ平
47%
JC71 古里
47%
KO21 武蔵野台
47%
ST02 一橋学園
47%
KO51 狭間
45%
DT23 つくし野
45%
DT24 すずかけ台
45%
SW05 競艇場前
45%
TT13 高松
45%
TT04 中央大学・明星大学
45%
JN17 矢野口
43%
KO30 南平
43%
SW02 新小金井
43%
SS15 東伏見
41%
ST03 青梅街道
41%
SS34 武蔵砂川
38%
TT15 泉体育館
38%
TT06 程久保
38%
ST05 八坂
36%
ST06 武蔵大和
34%
TT03 大塚・帝京大学
34%
SK03 鷹の台
33%
TT16 砂川七番
33%
TT10 柴崎体育館
31%
TT09 甲州街道
29%
TT08 万願寺
26%
TT18 桜街道
24%
TT02 松が谷
24%
No matching quizzes found
Score Distribution
Percent of People with Each Score
Percentile by Number Answered
Your Score History
You have not taken this quiz